000 01779nam a22002777a 4500
005 20120203111810.0
010 _aB-452520-524
020 _a8125034635
_c950.00
020 _a9788125034636
_c950.00
035 _aB-452520-524
037 _bVirtuous Pub./Ven
082 _a306.4409547
100 _aTariq Rahman
_942303
245 _aLanguage,ideology and power :
_blanguage-lerning among the Muslims of Pakistan and North India /
_cby Tariq Rahman
260 _aNew Delhi
_bOrient Longman
_c2008
270 _a1/24 Asaf Ali Road,
_bNew Delhi
_e110002
300 _axix,662p,
_c22cm(pbk)
500 _aIncludes biblograpical references and index
942 _2ddc
_cEN
_mTAR
_h306.4409547
999 _c61882
_d61882